000 00341pab a2200157 454500
008 180718b2014 xxu||||| |||| 00| 0 eng d
100 _aDogra, Bharat
245 _aThe path of revolution
260 _c2014
300 _ap.15-16.
362 _a5 Apr
650 _aRevolution
773 _aMainstream
908 _aN
909 _a103624
999 _c103620
_d103620